000 00755nam a22002177a 4500
003 UA-OsUOA
001 67798
007 ta
008 20100311b un ||||| |||| 00| 0 ukr d
090 _a343.23
_bП78
942 _cBK
040 _aUA-OsUOA
_brus
_cUA-OsUOA
_dUA-OsUOA
245 _aПроблемы борьбы с преступностью и пути развития уголовного законодательства
_bМежвузовский сборник научних трудов
_cКовалев М. И.
300 _a150 с.
955 _a2
041 _arus
080 _a343.23
260 _aСвердловск
_c1984
650 7 _a343 Кримінальне право. Карні порушення
_2UDC
999 _c353923
_d353923